[Event "29th Mem Nezhmetdinov"]
[Site "Kazan RUS"]
[Date "2007.06.05"]
[Round "5"]
[White "Novgorodskij,V"]
[Black "Mihajlovskij,S"]
[Result "1-0"]
[WhiteElo "2351"]
[BlackElo "2492"]

1.e4 g6 2.d4 Bg7 3.Nc3 d6 4.Be3 c6 5.Qd2 b5 6.Bd3 Nd7 7.Nf3 a6 8.h3 e5 9.O-O Ngf6
10.dxe5 dxe5 11.a4 Bb7 12.Ne2 O-O 13.Ng3 Re8 14.c4 bxa4 15.c5 Nf8 16.Rxa4 Ne6
17.Rfa1 Qe7 18.Qc2 Nc7 19.Bc4 h6 20.Nh4 Nd7 21.Nxg6 Qf6 22.Qd1 Bc8 23.Qh5 Ne6
24.Bxe6 Qxe6 25.Nh4 Nf6 26.Qf3 Rb8 27.Ngf5 Bf8 28.Bxh6 Bxh6 29.Nxh6+ Kh7
30.N4f5 Rb3 31.Qe2 Rd8 32.Ng4 Nh5 33.Nxe5 Nf4 34.Qg4 Nxh3+ 35.Kf1 Qf6 36.gxh3 Rd2
37.Qh5+ Kg8 38.Qg4+ Kf8 39.Rxa6 Qxe5 40.Ra8 Rd8 41.Rd1 Re8 42.Rxc8 Rxc8 43.Nh6 Qe6
44.Qg8+ Ke7 45.Qg5+ Kf8 46.Nf5 Qe5 47.Rd8+ Rxd8 48.Qxd8+ Qe8 49.Qd6+ Kg8
50.Qf6 Qf8 51.Nh6+ Kh7 52.Qxf7+ Qxf7 53.Nxf7 Rxb2 54.Ne5 Rc2 55.Nxc6 Rxc5
56.Nd4 Rc4 57.Nf3 Kh6 58.Nd2 Rc3 59.Kg2 Kg5 60.Nf1 Kf4 61.Ng3 Ra3 62.h4 Kg4
63.h5 Ra6 64.Nf5 Kxh5 65.Kg3 Kg5 66.Ne3 Ra3 67.f4+ Kf6 68.Kf3 Ra4 69.Ng4+ Kg6
70.Ne5+ Kf6 71.Nd7+ Ke7 72.Nb6 Ra6 73.Nd5+ Kd6 74.Kg4 Ra8 75.Kf5 Ra5 76.Kf6 Ra4
77.Kf5 Ra5 78.Kg6 Ra4 79.Nf6 Ke6 80.Nh7 Ke7 81.Ng5 Ra6+ 82.Kg7 Ra7 83.e5 Ke8+
84.Kf6 Ra6+ 85.e6 Ra4 86.f5 Rh4 87.Nf7 Rd4 88.Ke5 Rd1 89.Nd6+ Kf8 90.f6 Re1+
91.Kd5 Re2 92.Ne4 Re1 93.Kd4 Re2 94.Ke5 Re1 95.Kf4 Rf1+ 96.Kg5 Rg1+ 97.Kf5 Rf1+
98.Kg6 Rg1+ 99.Ng5 Rg2 100.Kf5 Rf2+ 101.Ke5 Re2+ 102.Kd4 Rd2+ 103.Ke3 Rh2
104.Ne4 Rh7 105.Kd4 Ra7 106.Nd6 Ra1 107.Ke5 Ra5+ 108.Kf4 Ra7 109.Kf5 Rc7
110.Kg6 Ra7 111.Nf5 Ra6 112.e7+  1-0

[Event "XV Lasker Mem Open A"]
[Site "Barlinek POL"]
[Date "2007.06.06"]
[Round "5"]
[White "Tokarski,L"]
[Black "Paprocki,J"]
[Result "1-0"]
[WhiteElo "2164"]
[BlackElo "2217"]

1.e4 g6 2.d4 d6 3.Nc3 Bg7 4.f4 Nf6 5.Nf3 O-O 6.Be3 c6 7.Qd2 b5 8.Bd3 a6 9.h3 Bb7
10.e5 Nd5 11.Nxd5 cxd5 12.h4 dxe5 13.fxe5 h5 14.g4 Bc8 15.gxh5 Bg4 16.h6 Bxf3
17.hxg7 Bxh1 18.gxf8=Q+ Kxf8 19.Bh6+ Ke8 20.e6 fxe6 21.Bxg6+ Kd7 22.O-O-O Bf3
23.Rf1 Be4 24.Rf8 Qc7 25.Be8+  1-0

[Event "29th Mem Nezhmetdinov"]
[Site "Kazan RUS"]
[Date "2007.06.06"]
[Round "6"]
[White "Gorozhankina,J"]
[Black "Ioffe,D"]
[Result "1/2-1/2"]
[WhiteElo "1988"]
[BlackElo "2195"]

1.e4 g6 2.d4 Bg7 3.Nc3 d6 4.Be3 a6 5.a4 Nc6 6.h3 Nf6 7.Nf3 O-O 8.Bc4 d5 9.exd5 Nb4
10.Qd2 Bf5 11.Bb3 Nbxd5 12.Nxd5 Nxd5 13.Bh6 Qd6 14.O-O Rad8 15.Rfe1 Rfe8
16.Rad1 c6 17.c3 Qf6 18.Bg5 Qd6 19.c4 Nf6 20.Ne5 c5 21.Qa5 b6 22.Qxa6 Ne4
23.Bf4 Qf6 24.Nf3 Bc8 25.Qa8 Bf5 26.Qb7 Rd7 27.Qa6 cxd4 28.Be5 Qc6 29.Bxg7 Kxg7
30.Nxd4 Rxd4 31.Rxd4 Nc5 32.Qb5 Qxb5 33.cxb5 Nxb3 34.Rc4 Na5 35.Rc7 Be6 36.b4 Nc4
37.Rc1 Ra8 38.R1xc4 Bxc4 39.Rxc4 Rxa4 40.Rc6 Rxb4 41.Rxb6 Rb1+ 42.Kh2 h5
43.h4 Rb2 44.Kg3 e5  1/2-1/2

[Event "zt 2.3 w"]
[Site "Santo Domingo DOM"]
[Date "2007.06.06"]
[Round "9"]
[White "Zepeda,S"]
[Black "Guerrero Rodriguez,Alej"]
[Result "1-0"]
[WhiteElo "2040"]
[BlackElo "2126"]

1.e4 g6 2.d4 Bg7 3.Nc3 d6 4.Nf3 c6 5.a3 Nf6 6.Bc4 b5 7.Bb3 O-O 8.O-O Nbd7
9.e5 dxe5 10.dxe5 Ng4 11.e6 Nde5 12.exf7+ Nxf7 13.h3 Ne5 14.Nxe5 Bxe5 15.Qe2 Qc7
16.Re1 e6 17.Be3 Bg7 18.Bc5 Re8 19.h4 e5 20.h5 Be6 21.hxg6 hxg6 22.Ne4 Bxb3
23.cxb3 Qd7 24.Rad1 Qe6 25.Rd3 a6 26.Red1 Rad8 27.Nd6 Nxd6 28.Rxd6 Rxd6 29.Rxd6 Qf5
30.Rxc6 Rd8 31.Rxa6 Qb1+ 32.Kh2 Rd1 33.Qg4 Rh1+ 34.Kg3 Qd3+ 35.Be3 Kh7 36.Ra7 Qd8
37.a4 e4 38.Qxe4 bxa4 39.bxa4 Qb8+ 40.Qf4 Qxb2 41.Bd4 Qa3+ 42.f3  1-0

[Event "zt 2.3 w"]
[Site "Santo Domingo DOM"]
[Date "2007.06.06"]
[Round "9"]
[White "Franco,Ang"]
[Black "Munoz,Do"]
[Result "1/2-1/2"]
[WhiteElo "2124"]
[BlackElo "1938"]

1.e4 g6 2.d4 Bg7 3.Nc3 d6 4.Be3 Nd7 5.Nf3 e5 6.Bc4 Ngf6 7.dxe5 dxe5 8.Qe2 c6
9.a4 Qe7 10.O-O O-O 11.Bg5 h6 12.Bh4 Nb6 13.Bd3 a5 14.Qe3 Nbd7 15.Bc4 g5
16.Bg3 Nh5 17.Rfd1 Nf4 18.Rd2 Qb4 19.Bb3 Qc5 20.Rxd7 Qxe3 21.fxe3 Bxd7 22.exf4 exf4
23.Bf2 Rfe8 24.Rd1 Be6 25.Bxe6 Rxe6 26.Bd4 Rd8 27.Bxg7 Rxd1+ 28.Nxd1 Kxg7
29.Nc3 Rd6 30.h3 f6 31.Kf2 h5 32.Ke2 Re6 33.Nd4 Re5 34.Nf5+ Kf8 35.Nd6 Re7
36.Nc4 b5 37.axb5 cxb5 38.Nxb5 Rxe4+ 39.Kd3 Re1 40.Nxa5 Re3+ 41.Kd4 Re2 42.c4 Rxg2
43.Nc3 f3 44.Ke3 f2 45.Ke2 f1=Q+ 46.Kxf1 Rxb2 47.c5 f5 48.c6 Rc2 49.Nd5 Rc5
50.c7 Ke8 51.Nb3 Rc6 52.Kg1 Kd7 53.c8=Q+ Rxc8 54.Nb6+ Kc7 55.Nxc8 h4 56.Nd4 g4
57.Nxf5 gxh3 58.Nce7 Kd7 59.Kh2 Ke6 60.Kxh3 Ke5 61.Kxh4 Ke4 62.Kg4 Ke5 63.Kf3 Ke6
64.Kf4 Kf6 65.Nd5+ Ke6 66.Ke4 Kd7 67.Ke5 Kc6 68.Nfe7+ Kc5 69.Nf4 Kb4 70.Kd4 Kb3
71.Kd3 Kb4  1/2-1/2

[Event "29th Mem Nezhmetdinov"]
[Site "Kazan RUS"]
[Date "2007.06.07"]
[Round "7"]
[White "Bogachkov,I"]
[Black "Hojamgulyev,B"]
[Result "1-0"]
[WhiteElo "2287"]
[BlackElo "2175"]

1.e4 g6 2.d4 Bg7 3.Nc3 d6 4.Nge2 Nf6 5.g3 Nc6 6.Bg2 e5 7.dxe5 dxe5 8.Bg5 Be6
9.O-O h6 10.Be3 b6 11.h3 Qc8 12.Kh2 h5 13.Nd5 h4 14.g4 Ne7 15.f4 Nexd5 16.exd5 Bxg4
17.fxe5 Nh5 18.hxg4 Bxe5+ 19.Kh3 f5 20.Bf3 Ng3 21.Rf2 Qd7 22.Bd4 Qd6 23.Bxe5 Qxe5
24.Qd4 Qxd4 25.Nxd4 O-O-O 26.gxf5 gxf5 27.Nxf5 Nxf5 28.Bg4 Rxd5 29.Rxf5 Rxf5
30.Bxf5+ Kb8 31.Rd1 Re8  1-0

[Event "zt 2.3 w"]
[Site "Santo Domingo DOM"]
[Date "2007.06.07"]
[Round "10"]
[White "Guerrero Rodriguez,Alej"]
[Black "Munoz,Do"]
[Result "1-0"]
[WhiteElo "2126"]
[BlackElo "1938"]

1.e4 g6 2.d4 Bg7 3.Nc3 d6 4.Be3 Nd7 5.Qd2 a6 6.f3 c5 7.O-O-O Qa5 8.Kb1 e6
9.Nge2 Ne7 10.h4 c4 11.h5 b5 12.a3 Rb8 13.Na2 Qxd2 14.Rxd2 a5 15.Nec1 Ba6
16.g4 Rg8 17.c3 Bb7 18.Ne2 f5 19.gxf5 gxf5 20.Bh3 Kf7 21.Rf1 d5 22.Bf4 Rbc8
23.exf5 Nxf5 24.Bxf5 exf5 25.Ng3 Kf6 26.Re2 Rce8 27.Rfe1 Rxe2 28.Rxe2 Bc6
29.Kc2 Rc8 30.Nc1 Bf8 31.Re3 b4 32.axb4 axb4 33.Nce2 Ra8 34.cxb4 Bxb4 35.Nc3 Bf8
36.Re1 Nb6 37.Be5+ Kg5 38.Bc7 Na4 39.Re5 Nxc3 40.Rxf5+ Kh4 41.Kxc3 Bg7 42.Rf7 Rg8
43.Rxg7  1-0

[Event "Xose Enrique Rodriguez Pena Mem"]
[Site "Ourense ESP"]
[Date "2007.06.08"]
[Round "2"]
[White "Oral,T"]
[Black "Strikovic,A"]
[Result "1/2-1/2"]
[WhiteElo "2543"]
[BlackElo "2563"]

1.e4 d6 2.d4 g6 3.Nc3 Bg7 4.Nf3 Nf6 5.h3 O-O 6.Be3 c6 7.a4 a5 8.Be2 Na6 9.O-O Nb4
10.Nd2 Ne8 11.f4 f5 12.e5 Nc7 13.Kh1 Ncd5 14.Bg1 Bh6 15.Bc4 dxe5 16.dxe5 Kh8
17.Ne2 Be6 18.c3 Na6 19.Qc2 Qd7 20.Rad1 b5 21.Bb3 Qb7 22.Nf3 Bg8 23.Ne1 Rad8
24.Nd3 bxa4 25.Bxa4 Ndc7 26.c4 Ne6 27.Qc3 Qc7 28.Nd4 Nac5 29.Nxc5 Nxc5 30.Bxc6 Ne4
31.Bxe4 fxe4 32.e6 Bg7 33.Qc2 Qc8 34.Qxe4 Qxc4 35.Rfe1 Rd6 36.b3 Qb4 37.Qe3 Qb7
38.Rd3 Qa6 39.Red1 Bxe6 40.Nxe6  1/2-1/2

[Event "29th Mem Nezhmetdinov"]
[Site "Kazan RUS"]
[Date "2007.06.09"]
[Round "9"]
[White "Fedoseev,Vl1"]
[Black "Mihajlovskij,S"]
[Result "1/2-1/2"]
[WhiteElo "2264"]
[BlackElo "2492"]

1.d4 g6 2.e4 Bg7 3.Nc3 d6 4.f4 Nf6 5.Nf3 O-O 6.Be2 Na6 7.O-O c5 8.d5 Nc7
9.a4 a6 10.Bc4 Bd7 11.e5 Nfe8 12.Qe2 b5 13.axb5 axb5 14.Rxa8 Qxa8 15.e6 fxe6
16.dxe6 Bc6 17.Bxb5 Nxb5 18.Nxb5 Qa4 19.c4 Bxb5 20.cxb5 Nf6 21.g3 Rb8 22.f5 Qxb5
23.Qg2 gxf5 24.Nh4 Qc4 25.Nxf5 Qxe6 26.Qh3 Kh8 27.g4 Qe2 28.g5 Qg4+ 29.Qxg4 Nxg4
30.Nxe7 Bd4+ 31.Kh1 Nf2+ 32.Kg2 Nd3 33.Nc6 Rc8 34.Nxd4 cxd4 35.Bf4 Rc6 36.Kf3 Nxb2
37.Ke4 d3 38.Kd5 Rc8 39.Rb1 Rc2 40.Bxd6 Kg8 41.Be5 Nc4 42.Bf4 d2 43.Kd4 Nb2
44.Bxd2 Rxd2+ 45.Kc3 Rxh2 46.Rxb2 Rxb2 47.Kxb2 Kf7  1/2-1/2

[Event "7th ch-Euro Senior"]
[Site "Hockenheim GER"]
[Date "2007.06.10"]
[Round "9"]
[White "Fomina,T"]
[Black "Bakhmatov,E"]
[Result "1-0"]
[WhiteElo "2231"]
[BlackElo "2351"]

1.d4 g6 2.Nc3 Bg7 3.e4 d6 4.Bc4 c6 5.a4 Nf6 6.Bg5 Qa5 7.Qd2 h6 8.Bxf6 Bxf6
9.Nge2 Qg5 10.f4 Qxg2 11.O-O-O e5 12.dxe5 dxe5 13.Qd6 Nd7 14.Rhg1 Qf2 15.Nb5 cxb5
16.Bxb5 Qb6 17.Bxd7+ Bxd7 18.Qxd7+ Kf8 19.Qd6+ Qxd6 20.Rxd6 Ke7 21.Rd5 exf4
22.Nxf4 Bg5 23.Rf1 Rhd8 24.c4 Rac8 25.b3 Rxd5 26.exd5 Kd6 27.Kc2 Re8 28.Kd3 Kc5
29.Ng2 f5 30.b4+ Kxb4 31.Rb1+ Kc5 32.Rxb7 f4 33.Rc7+ Kd6 34.Rf7 Re7 35.Rf8 Rb7
36.Nxf4 Rb2 37.Kd4 Rd2+ 38.Kc3 Rxh2 39.Nxg6 a5 40.Ra8 h5 41.Ra6+ Kc7 42.c5 h4
43.Ne5 h3 44.Ra7+ Kc8 45.Nc6 Bf6+ 46.Kc4 Rc2+ 47.Kb5 Rb2+ 48.Ka6 Rd2 49.d6 Rd5  1-0

[Event "11th Master Open"]
[Site "Voronezh RUS"]
[Date "2007.06.12"]
[Round "1"]
[White "Demianjuk,A"]
[Black "Novikov,St"]
[Result "0-1"]
[WhiteElo "2316"]
[BlackElo "2556"]

1.e4 g6 2.d4 Bg7 3.Nc3 d6 4.f4 a6 5.Nf3 b5 6.Bd3 Bb7 7.O-O Nd7 8.a4 b4 9.Ne2 Ngf6
10.Ng3 e6 11.f5 exf5 12.exf5 O-O 13.Bg5 c5 14.Qd2 Qc7 15.c3 c4 16.Be2 bxc3
17.Qxc3 Rac8 18.Rac1 Qb6 19.a5 Qa7 20.Qd2 Bd5 21.Qf4 Rc6 22.Kh1 Rb8 23.Nd2 Rxb2
24.fxg6 hxg6 25.Bf3 Bxf3 26.Rxf3 d5 27.Ndf1 Qb8 28.Qh4 Rb1 29.Rc2 Re6 30.Rcf2 Qe8
31.h3 Ne4 32.Nxe4 Rxe4 33.g4 Ree1 34.Rxf7 Qxf7  0-1

[Event "11th Master Open"]
[Site "Voronezh RUS"]
[Date "2007.06.13"]
[Round "2"]
[White "Stukopin,A"]
[Black "Volk,S"]
[Result "1-0"]
[WhiteElo "2307"]
[BlackElo "2113"]

1.e4 g6 2.d4 Bg7 3.Nc3 d6 4.g3 c6 5.Bg2 Qb6 6.Nge2 Na6 7.O-O Bg4 8.h3 Bd7
9.Kh2 c5 10.Nd5 Qd8 11.c3 e6 12.Ne3 Ne7 13.f4 cxd4 14.cxd4 Bb5 15.f5 Bxe2
16.Qxe2 Bxd4 17.fxe6 fxe6 18.e5 d5 19.Ng4 Qb6 20.Nf6+ Kd8 21.Nxh7 Rc8 22.Rf7 Rc7
23.Ng5 Nf5 24.Bf4 Kc8 25.Rf6 Re8 26.Rd1 Nb4 27.a3 Nc2 28.Rc1 Nce3 29.Rxc7+ Kxc7
30.b4 Kb8 31.Rxg6 Nc4 32.Bxd5 Bg1+ 33.Kh1 Qd4 34.Bxc4 Be3 35.Nf3 Qa1+ 36.Qf1 Qc3
37.Bxe6 Bxf4 38.Bxf5 Bxe5  1-0

[Event "11th Master Open"]
[Site "Voronezh RUS"]
[Date "2007.06.14"]
[Round "3"]
[White "Virovlansky,S"]
[Black "Peschansky,M"]
[Result "1/2-1/2"]
[WhiteElo "2445"]
[BlackElo "2279"]

1.d4 d6 2.e4 g6 3.Nc3 Bg7 4.Bg5 c6 5.Qd2 b5 6.f4 b4 7.Nd1 Qb6 8.c3 Nf6 9.Bd3 Ba6
10.Nf3 d5 11.Bxf6 Bxf6 12.e5 Bg7 13.O-O e6 14.cxb4 Bxd3 15.Qxd3 Qxb4 16.Rc1 O-O
17.Qc3 a5 18.Nf2 Rc8 19.Nd3 Qxc3 20.Rxc3 Na6 21.a3 Rab8 22.Rfc1 Rb6 23.Kf2 Bf8
24.Ke3 Be7 25.g3 Kf8 26.Ng1 Ke8 27.Ne2 Kd7 28.Kd2 a4 29.R3c2 Rb5 30.Nc3  1/2-1/2

[Event "Atlantis Meestertienkamp"]
[Site "Groningen NED"]
[Date "2007.06.15"]
[Round "8"]
[White "Drenchev,P"]
[Black "Pel,B"]
[Result "1/2-1/2"]
[WhiteElo "2447"]
[BlackElo "2255"]

1.e4 d6 2.d4 g6 3.Nc3 Bg7 4.Be3 a6 5.f4 b5 6.Bd3 Nd7 7.Nf3 c5 8.e5 b4 9.Ne4 Nh6
10.c3 bxc3 11.bxc3 cxd4 12.cxd4 Ng4 13.Bg1 Qa5+ 14.Qd2 Qxd2+ 15.Kxd2 dxe5
16.fxe5 O-O 17.h3 Nh6 18.Rb1 Rd8 19.Bf2 Nf8 20.Nc5 Ne6 21.Be4 Ra7 22.Nd3 f5
23.exf6 exf6 24.d5 f5 25.Bxa7 fxe4 26.dxe6 Bxe6 27.Rb8 Rxb8 28.Bxb8 exf3
29.gxf3 Bxa2 30.Be5 Bf8 31.Ra1 Bc4 32.Rc1 Be6 33.Nf4 Bf5 34.Rc7 Nf7 35.Nd5 Bh6+
36.Bf4 Bxf4+ 37.Nxf4 g5 38.Nh5 Bxh3 39.Ra7 h6 40.Rxa6 Kh7 41.Ke3 Bf5 42.Kd4 Bg6
43.Nf6+ Kg7 44.Ne8+ Kh7 45.Ra7 h5 46.Kd5 Kh6 47.Nf6 g4 48.fxg4 hxg4 49.Nxg4+ Kg5
50.Ne3 Kf4 51.Kd4 Nd6 52.Nd5+ Kg5 53.Ra6 Nf5+ 54.Ke5 Nh6 55.Ne3 Bd3 56.Ra3 Be2
57.Ke4 Bg4 58.Ra5+ Kg6 59.Kf4 Be6 60.Ra6 Kf7 61.Kg5 Ng8 62.Ra7+ Ne7 63.Rb7 Ke8
64.Kf6 Bd7 65.Rb8+ Nc8 66.Nd5 Kd8 67.Ke5 Bc6 68.Ne7 Kxe7 69.Rxc8 Bh1 70.Rc7+ Kd8
71.Kd6 Ke8 72.Rh7 Bf3 73.Ke6 Bg4+ 74.Kf6 Kd8 75.Ke5 Ke8 76.Rg7 Bh3 77.Rg3 Bd7
78.Kd6 Bf5 79.Rf3 Bg4 80.Rf4 Bh3 81.Rh4 Bf5 82.Rh5 Bg4 83.Rh7 Bf5 84.Re7+ Kf8
85.Ra7 Bh3 86.Ke5 Ke8  1/2-1/2

[Event "11th Master Open"]
[Site "Voronezh RUS"]
[Date "2007.06.16"]
[Round "5"]
[White "Kryakvin,D"]
[Black "Mihajlovskij,S"]
[Result "1-0"]
[WhiteElo "2539"]
[BlackElo "2492"]

1.e4 g6 2.d4 Bg7 3.Nc3 d6 4.f4 Nf6 5.Nf3 O-O 6.Bd3 c5 7.dxc5 dxc5 8.O-O Nc6
9.e5 Nd5 10.Qe2 Bg4 11.Nxd5 Qxd5 12.c3 Rad8 13.Bc4 Qd7 14.Be3 b6 15.Rfd1 Qc8
16.h3 Be6 17.Rxd8 Rxd8 18.Ba6 Qa8 19.Ng5 Bc8 20.Bc4 e6 21.Rd1 Bb7 22.Rxd8+ Qxd8
23.Qg4 h5 24.Qe2 Ne7 25.Qd3 Qa8 26.Qd7 Bf8 27.Bxe6 Bd5 28.Nxf7 Bxe6 29.Qxe6 Qd5
30.Ng5+ Qxe6 31.Nxe6 Nd5 32.Bd2 Bh6 33.c4 Ne7 34.Kf2 Nc6 35.Ke2 Kf7 36.Nc7 h4
37.Kd3  1-0

[Event "Open"]
[Site "Teplice CZE"]
[Date "2007.06.17"]
[Round "2"]
[White "Svitak,D"]
[Black "Cerny,J"]
[Result "1-0"]
[WhiteElo "1769"]
[BlackElo "2099"]

1.e4 g6 2.d4 Bg7 3.Nc3 d6 4.f4 Nf6 5.Nf3 O-O 6.Be2 c5 7.dxc5 dxc5 8.O-O Nc6
9.Be3 b6 10.h3 Bb7 11.e5 Nh5 12.Qe1 Bh6 13.Rd1 Qc8 14.Nd5 e6 15.Nf6+ Nxf6
16.exf6 e5 17.Qh4 Bg7 18.fxg7 Kxg7 19.fxe5  1-0

[Event "Open"]
[Site "Teplice CZE"]
[Date "2007.06.17"]
[Round "2"]
[White "Bujak,M"]
[Black "Vokac,M"]
[Result "1/2-1/2"]
[WhiteElo "2218"]
[BlackElo "2482"]

1.e4 g6 2.d4 Bg7 3.Nc3 d6 4.Be3 a6 5.f4 Nd7 6.Nf3 e6 7.e5 Ne7 8.Bf2 b6 9.Bd3 Bb7
10.Ne4 Bxe4 11.Bxe4 d5 12.Bd3 c5 13.c3 Qc7 14.Qe2 c4 15.Bc2 O-O-O 16.O-O Kb7
17.b3 Nb8 18.Rfb1 Rc8 19.Ng5 Rcf8 20.bxc4 Qxc4 21.Qxc4 dxc4 22.Ne4 Nd5 23.a4 Rd8
24.g3 Nc6 25.Bd1 Na5 26.Rb2 Kc7 27.Bf3 Rd7 28.Be1 Rb8 29.Ng5 h6 30.Bxd5 hxg5
31.Bf3 gxf4 32.gxf4 Bh6 33.Bg3 Nc6 34.d5 exd5 35.f5 gxf5 36.e6+ f4 37.exd7 fxg3
38.Bxd5 Ne5 39.hxg3 Rd8 40.Re2 Bg7 41.Rae1 f6 42.Rxe5 fxe5 43.Bxc4 Rxd7 44.Bxa6 Rd2
45.Rf1 e4 46.Rf7+  1/2-1/2

[Event "Open"]
[Site "Teplice CZE"]
[Date "2007.06.18"]
[Round "4"]
[White "Tuma,J"]
[Black "Cedikova,K"]
[Result "0-1"]
[WhiteElo "2301"]
[BlackElo "2184"]

1.e4 g6 2.d4 Bg7 3.Nc3 d6 4.Be3 Nd7 5.Qd2 a6 6.Nf3 e6 7.h4 h5 8.Ng5 Ngf6
9.Bc4 Qe7 10.f4 O-O 11.O-O d5 12.exd5 Nb6 13.Bd3 Nbxd5 14.Rae1 Nxe3 15.Rxe3 Ng4
16.Re4 Qd6 17.Nf3 b6 18.Bc4 Bb7 19.Ne5 Rad8 20.Rd1 Bxe4 21.Nxe4 Qe7 22.Nc6 Qd7
23.Nxd8 Rxd8 24.c3 Qe7 25.Qe1 b5 26.Bb3 Nh6 27.Nc5 Qd6 28.Nb7 Qd7 29.Nxd8 Qxd8
30.d5 exd5 31.Rxd5 Qf6 32.Rd7 Qxf4 33.Qf2 Qg4 34.Bxf7+ Kh7 35.Rd5 Nf5 36.Qf3 Qxh4
37.Bxg6+ Kxg6 38.Qxf5+ Kh6 39.Rd1 b4 40.Qf2 Qg4 41.Rf1 bxc3 42.bxc3 Qg5 43.Qf4 Bxc3
44.Qxg5+ Kxg5 45.Rf3 Bd4+ 46.Kf1 Bc5 47.Ke2 Bd6 48.Kd3 Kg4 49.Kc4 h4 50.a4 a5
51.Kb5 Bb4 52.Kc6 Bd6 53.Rc3 Kf4 54.Kb5 Bb4 55.Rxc7 Kg3 56.Rg7+ Kh2 57.Kc4 Be1
58.Rg5 Bg3 59.Rxa5 Kxg2 60.Rh5 h3 61.a5 h2 62.a6 Bf2 63.Rg5+ Kh3 64.Rh5+ Bh4
65.Rh8 h1=Q 66.a7 Qe4+ 67.Kb3 Qd3+ 68.Ka2 Qc2+  0-1

[Event "11th Master Open"]
[Site "Voronezh RUS"]
[Date "2007.06.18"]
[Round "6"]
[White "Zaletov,Y"]
[Black "Lukovnikov,A"]
[Result "0-1"]
[WhiteElo "2129"]
[BlackElo "2349"]

1.e4 g6 2.d4 Bg7 3.Nc3 d6 4.Nf3 Nf6 5.Be2 O-O 6.O-O Bg4 7.Be3 Nc6 8.h3 Bxf3
9.Bxf3 Nd7 10.d5 Nce5 11.Be2 Nb6 12.Rb1 e6 13.Kh1 Nec4 14.Bc1 c6 15.dxc6 bxc6
16.Qd3 d5 17.b3 Nd6 18.f3 Qh4 19.Bd2 Be5 20.Be1 Qf4 21.g3 Qh6 22.Kg2 f5 23.exd5 exd5
24.a4 Rfe8 25.a5 Nd7 26.Bd2 Qg7 27.Na4 f4 28.g4 Qe7 29.Bd1 Rad8 30.c3 Nf6
31.Be1 Qc7 32.a6 Nb5 33.Bc2 d4 34.c4 Nc3 35.Ra1 c5 36.Bh4 Rd6 37.Rfe1 Nxa4
38.Rxa4 Rde6 39.Raa1 Qf7 40.Re2 Bb8 41.Rae1 Re3 42.Qd2 Nd7 43.Be4 R8xe4 44.Bf2 Re8
45.Bxe3 fxe3 46.Qd1 Qf4 47.Kg1 Ne5 48.Rf1 Nxf3+ 49.Kh1 Qg3  0-1

[Event "III EUICC"]
[Site "Arvier ITA"]
[Date "2007.06.19"]
[Round "5"]
[White "Borosova,Z"]
[Black "Norinkeviciute,R"]
[Result "1-0"]
[WhiteElo "2206"]
[BlackElo "2048"]

1.e4 g6 2.d4 Bg7 3.Nc3 d6 4.Be3 a6 5.Qd2 Nd7 6.h4 h5 7.f3 b5 8.Nh3 Bb7 9.Ng5 e6
10.Ne2 Ne7 11.Nf4 Nf8 12.a4 c6 13.Be2 Qd7 14.O-O Rc8 15.Rfd1 Rd8 16.c3 f6
17.Ngh3 Kf7 18.Nd3 Qc7 19.Qc2 Nd7 20.Ndf4 e5 21.dxe5 Nxe5 22.Qb3+ d5 23.exd5 Nxd5
24.Nxd5 Rxd5 25.Nf4 Rd8 26.Nxd5 cxd5 27.axb5 axb5 28.Ra7 Nc6 29.Rxd5 Kf8
30.Bc5+ Ke8 31.Rxd8+ Nxd8 32.Qg8+  1-0

[Event "Open"]
[Site "Teplice CZE"]
[Date "2007.06.20"]
[Round "6"]
[White "Macek,K"]
[Black "Cerny,J"]
[Result "1-0"]
[WhiteElo "1951"]
[BlackElo "2099"]

1.e4 g6 2.d4 Bg7 3.Nc3 d6 4.f4 Nf6 5.Nf3 O-O 6.Bd3 c6 7.O-O Bg4 8.Be3 Nbd7
9.h3 Bxf3 10.Qxf3 Rc8 11.e5 Ne8 12.Qg4 f5 13.exf6 Nexf6 14.Qe6+ Kh8 15.f5 gxf5
16.Bxf5 Rb8 17.Rae1 Re8 18.Ne4 Nxe4 19.Bxe4 Nf6 20.Bd3 Qd7 21.Rxf6  1-0

[Event "11th Master Open"]
[Site "Voronezh RUS"]
[Date "2007.06.21"]
[Round "9"]
[White "Geller,J"]
[Black "Burmakin,V"]
[Result "0-1"]
[WhiteElo "2500"]
[BlackElo "2593"]

1.e4 g6 2.d4 Bg7 3.Nc3 d6 4.Be3 c6 5.Qd2 b5 6.Bd3 Nd7 7.Nf3 Qc7 8.O-O Ngf6
9.Bh6 O-O 10.Bxg7 Kxg7 11.Ne2 c5 12.c3 a6 13.Ng3 e5 14.a4 c4 15.Bc2 Bb7 16.Qg5 Ng8
17.Nf5+ Kh8 18.N3h4 Ndf6 19.Ng3 Rfe8 20.Qd2 d5 21.axb5 axb5 22.Rxa8 Bxa8
23.Nf3 Nxe4 24.Nxe4 dxe4 25.Nxe5 Kg7 26.Qf4 Re7 27.Ra1 Bb7 28.Qg3 Nh6 29.Ra7 Qb6
30.Ra1 f6 31.Ng4 Nxg4 32.Qxg4 b4 33.Qf4 bxc3 34.bxc3 Qb2 35.Rc1 e3  0-1

[Event "ch-NED w"]
[Site "Hilversum NED"]
[Date "2007.06.22"]
[Round "4"]
[White "Bensdorp,L"]
[Black "Peng Zhaoqin"]
[Result "0-1"]
[WhiteElo "2120"]
[BlackElo "2439"]

1.e4 g6 2.d4 Bg7 3.Nc3 d6 4.Bg5 c6 5.Qd2 Qa5 6.Nf3 Bg4 7.Be2 Nd7 8.Be3 Ngf6
9.O-O O-O 10.h3 Bxf3 11.Bxf3 Rfe8 12.Be2 b5 13.a3 e5 14.dxe5 dxe5 15.Rfd1 Qc7
16.f3 Bf8 17.Na2 Bc5 18.Bxc5 Nxc5 19.Qe3 Ne6 20.Nc1 h5 21.h4 Nd7 22.a4 a6
23.Nb3 Nb6 24.axb5 cxb5 25.c3 Na4 26.Rd2 Rad8 27.Rad1 Kg7 28.g3 Rxd2 29.Rxd2 Rb8
30.Nc1 a5 31.Bd1 Nb6 32.Be2 b4 33.Rd1 bxc3 34.bxc3 Na4 35.c4 Nd4 36.Bd3 Nb2  0-1

[Event "Open"]
[Site "Teplice CZE"]
[Date "2007.06.22"]
[Round "8"]
[White "Tuma,J"]
[Black "Tejkal,J"]
[Result "1-0"]
[WhiteElo "2301"]
[BlackElo "2018"]

1.e4 d6 2.d4 g6 3.Nc3 Bg7 4.Be3 Nd7 5.Qd2 a6 6.Nf3 e6 7.Bc4 Qe7 8.O-O Ngf6
9.a4 d5 10.exd5 Nb6 11.Bb3 Nbxd5 12.Bh6 O-O 13.Rfe1 Nxc3 14.bxc3 Qd8 15.Ne5 c5
16.Bxg7 Kxg7 17.Re3 b6 18.Rh3 Ng8 19.Re1 f6 20.Nf3 e5 21.Rg3 cxd4 22.cxd4 exd4
23.Nxd4 Re8 24.Rxe8 Qxe8 25.Re3 Qd8 26.Rd3 Qe7 27.Nc6 Qa3 28.Re3 Qc5 29.Qd8 Qxc6
30.Qxg8+ Kh6 31.Qf8+ Kh5 32.Qg7 h6 33.Bf7 Qxc2 34.h3 Qd1+ 35.Kh2 Qd6+ 36.Rg3 Qf4
37.Qxg6+ Kh4 38.Qh5+  1-0

[Event "III Perla Baltyku A"]
[Site "Mielno POL"]
[Date "2007.06.24"]
[Round "8"]
[White "Zakoscielna,K"]
[Black "Ferenc,Jo"]
[Result "0-1"]
[WhiteElo "2094"]
[BlackElo "2116"]

1.e4 d6 2.d4 g6 3.Nc3 Bg7 4.Bg5 c6 5.Qd2 b5 6.f4 Qa5 7.Nf3 b4 8.Nd1 Bg4 9.Be2 Nd7
10.Ne3 Bxf3 11.Bxf3 Rc8 12.e5 dxe5 13.dxe5 h6 14.Bh4 g5 15.e6 fxe6 16.Bh5+ Kd8
17.Nc4 Qd5 18.Qe2 gxh4 19.Rd1 Bd4 20.Bf3 Qc5 21.Qxe6 Ngf6 22.Ne5 Bxe5 23.fxe5 Qe3+
24.Kf1 Nd5  0-1

[Event "Open"]
[Site "Pula CRO"]
[Date "2007.06.25"]
[Round "3"]
[White "Medic,Milj"]
[Black "Rukavina,J"]
[Result "0-1"]
[WhiteElo "2240"]
[BlackElo "2382"]

1.d4 g6 2.e4 d6 3.Nc3 Bg7 4.f4 Nf6 5.Nf3 O-O 6.Bd3 Na6 7.e5 dxe5 8.dxe5 Nd5
9.Bxa6 Nxc3 10.Qxd8 Rxd8 11.Bd3 Na4 12.O-O Be6 13.b3 Nc5 14.Be2 Bf5 15.Be3 Ne6
16.Rac1 Rd7 17.h3 Bh6 18.g4 Bxf4 19.Bxf4 Nxf4 20.Bc4 Be6 21.Ng5 Rd4 22.Bxe6 Nxe6
23.Nxe6 fxe6 24.Rce1 Rf8 25.Rxf8+ Kxf8 26.Re2 Rd1+ 27.Kf2 Rh1 28.Kg2 Rb1
29.g5 b5 30.a4 bxa4 31.bxa4 Ke8 32.Kf3 Kd7 33.Re4 Rf1+ 34.Ke3 Rf5 35.h4 c5
36.Ke2 Kc6 37.c4 Kb6 38.Kd3 Rf3+ 39.Ke2 Rf5 40.Kd3 a6 41.Re1 Rf3+ 42.Ke4 Rc3
43.Rf1 Rxc4+ 44.Ke3 Rxh4 45.Rf7 Kc6 46.Rxe7 Kd5 47.Ra7 Rxa4 48.Kf3 Kxe5 49.Rxh7 Kf5  0-1

[Event "Open"]
[Site "Pula CRO"]
[Date "2007.06.26"]
[Round "4"]
[White "Stevic,H"]
[Black "Biti,O"]
[Result "1-0"]
[WhiteElo "2506"]
[BlackElo "2378"]

1.e4 g6 2.d4 Bg7 3.Nc3 d6 4.Bg5 Nd7 5.Qd2 a6 6.Nf3 c6 7.a4 Qa5 8.Bd3 e5 9.dxe5 dxe5
10.O-O Ngf6 11.h3 O-O 12.Rfd1 Re8 13.Bc4 Qb4 14.b3 a5 15.Be3 Nf8 16.Ng5 Ne6
17.Nxe6 Bxe6 18.Bxe6 Rxe6 19.f3 Bf8 20.Na2 Qxd2 21.Rxd2 Rd6 22.Rad1 Rad8
23.Kf1 Rxd2 24.Bxd2 Bh6 25.Ke2 Rxd2+ 26.Rxd2 Bxd2 27.Kxd2 Nh5 28.b4 axb4
29.Nxb4 Nf4 30.a5 Ne6 31.Nd3 f6 32.Kc3 Kf7 33.Kb4 Ke7 34.Nc5 Nd4 35.Nxb7 Kd7
36.Kc5 Nxc2 37.Nd6 Kc7 38.a6 Ne1  1-0

[Event "White Nights"]
[Site "St Petersburg RUS"]
[Date "2007.06.26"]
[Round "2"]
[White "Eltsov,V"]
[Black "Zacurdajev,D"]
[Result "0-1"]
[WhiteElo "2111"]
[BlackElo "2266"]

1.e4 d6 2.d4 g6 3.Nc3 Bg7 4.Be3 Nf6 5.f3 c6 6.Qd2 b5 7.O-O-O Qa5 8.Kb1 b4
9.Nce2 Nbd7 10.Nc1 O-O 11.g4 c5 12.h4 h5 13.g5 Ne8 14.Nh3 Nc7 15.Nf4 cxd4
16.Bf2 e5 17.Nfd3 Rb8 18.a3 Nb5 19.axb4 Qc7 20.Nb3 Nb6 21.Ndc1 Na4 22.Bxb5 Rxb5
23.Na2 Be6 24.Be1 Rfb8 25.Nac1 Nb6 26.Na5 Rxa5 27.bxa5 Nc4 28.Qf2 Rxb2+ 29.Ka1 Qc6  0-1

[Event "Narciso Yepes Mem"]
[Site "Lorca ESP"]
[Date "2007.06.28"]
[Round "7"]
[White "Fernandez Romero,Ern"]
[Black "Tudela Corbalan,C"]
[Result "1-0"]
[WhiteElo "2437"]
[BlackElo "2196"]

1.e4 d6 2.d4 g6 3.Nc3 Bg7 4.f4 Nd7 5.Nf3 a6 6.Bd3 b5 7.e5 Bb7 8.O-O e6 9.Ne4 Bxe4
10.Bxe4 d5 11.Bd3 c5 12.c3 Ne7 13.Be3 c4 14.Bc2 Qb6 15.Bf2 O-O 16.Qd2 Rab8
17.g4 f6 18.exf6 Nxf6 19.Ne5 Qb7 20.Bh4 Rbe8 21.Rae1 a5 22.h3 b4 23.Re2 bxc3
24.bxc3 Ne4 25.Bxe4 Bxe5 26.Bc2 Bf6 27.g5 Bg7 28.Rxe6 Nf5 29.Bxf5 gxf5 30.Rfe1 Qd7
31.Qe2 Rxe6 32.Qxe6+ Qxe6 33.Rxe6 Rb8 34.Re2 Bf8 35.Re5 Rb1+ 36.Kg2 Rc1 37.Rxd5 Rxc3
38.Rxa5 Rd3 39.Ra8 c3 40.Rc8 Rd2+ 41.Kf3 c2 42.Ke3 Rh2 43.Bf2 Kf7 44.Rxc2 Rxh3+
45.Ke2 Bd6 46.Be3 Ke6 47.d5+ Kxd5 48.Rd2+ Kc6 49.a4 h6 50.Rc2+ Kd5 51.g6 Rg3
52.a5 Rxg6 53.a6 Rg2+ 54.Bf2 Bb8 55.Kf3 Rg7 56.Rc5+ Ke6 57.Rc6+ Kd5 58.Rf6 Ba7
59.Rxf5+ Ke6 60.Rh5 Bxf2 61.Kxf2 Kf6 62.Rxh6+ Kf5 63.Kf3 Rg1 64.Rh5+ Kf6
65.Ra5 Rg8 66.a7 Ra8 67.Ke4 Ke6 68.f5+  1-0